Statistiques concernant Quelle aire ubaine?

Cliquez ici pour prendre le quiz!

Statistiques générales

  • Ce quiz a été pris 77 fois
  • Le résultat moyen est 19 sur 31

Statistiques - réponses

VilleAire Urbaine% Correct
PessacBordeaux
94%
PantinParis
90%
Villeneuve d'AscqLille
89%
RennesRennes
84%
BiarritzBayonne
82%
Montigny lès MetzMetz
82%
HyèresToulon
82%
GrasseNice
79%
Canet en RoussillonPerpignan
79%
LensDouai Lens
77%
Joué lès ToursTours
77%
Vaulx en VelinLyon
73%
ValenciennesValenciennes
68%
RiomClermont Ferrand
61%
RezéNantes
61%
Plougastel DaoulasBrest
60%
CarpentrasAvignon
58%
Saint Etienne du RouvrayRouen
58%
Aix Les BainsChambéry
56%
Les AbymesPointe à Pitre - Les Abymes
56%
Châlons en ChampagneChâlons en Champagne
55%
ColomiersToulouse
52%
LanesterLorient
50%
Saint ChamondSaint Étienne
45%
MiramasAix Marseille
42%
Saint Martin d'HèresGrenoble
40%
Hérouville Saint ClairCaen
39%
Castelnau le LezMontpellier
37%
OlivetOrléans
35%
TinqueuxReims
27%
Saint ApollonaireDijon
18%

Distribution des résultats

Percentile par nombre de réponses

% des personnes avec chaque résultat

Votre développement - résultats

Vous n’avez pas pris ce quiz